Ombudsmani krajín V4 si vymenili skúsenosti

Bibliographic Details
Main Author: (lej) (Author)
Format: Article
Language:Slovak
PhysicalDescription:Fotogr.
Subjects:

MARC

LEADER 00000nab a2200000 a 4500
001 vtls001564731
003 SK-MaSNL
005 20260303173415.0
008 050505c2004 xo wr|p|||||||000 b|slo
015 |a PPPK2004  |2 pppkcl 
038 |a PPPK 
040 |a PPPKCL  |b slo  |c PPPKCL  |e AACR2 
041 0 |a slo 
044 |a xo  |c SK 
080 |a 351.941  |x (4-191.2)  |2 UDC-MRF-SK2 
080 |a 342.6  |2 UDC-MRF-SK2 
080 |a 061.3  |2 UDC-MRF-SK2 
100 1 |a (lej)  |4 aut  |9 992761 
245 1 0 |a Ombudsmani krajín V4 si vymenili skúsenosti  |c [autor] (lej) 
300 |b Fotogr. 
648 7 |a 2004  |2 pppkcl  |9 303492 
650 0 7 |a verejný ochranca práv  |x krajiny strednej Európy  |x tlačové konferencie  |2 pppkcl  |9 73966 
650 0 7 |a tlačové konferencie  |2 pppkcl  |9 71028 
651 7 |a Starý Smokovec (Vysoké Tatry, Slovensko)  |2 pppkcl  |9 160864 
651 7 |a Poprad (Slovensko : okres)  |2 pppkcl  |9 28675 
773 0 |t Poprad : noviny občanov mesta  |g Roč. XV, č. 82 (2004), s. 2 
852 |a PPPK  |b KIS3GCP 
999 |c 2092443  |d 2094373